| 000 | 01110cam a2200337 i 4500 | ||
|---|---|---|---|
| 001 | 17147979 | ||
| 003 | JO-AjAnu | ||
| 005 | 20241016110115.0 | ||
| 008 | 120203s2012 utua 000 0 eng | ||
| 010 | _a 2012004657 | ||
| 020 | _a9781423621225 | ||
| 040 |
_aDLC _beng _cDLC _erda _dDLC _dJO-AjAnu |
||
| 042 | _apcc | ||
| 043 | _an-us--- | ||
| 050 | 0 | 0 |
_aNK2004.3.F38 _bA4 2012 |
| 082 | 0 | 0 |
_a747 _223 |
| 100 | 1 | _aFaudree, Charles. | |
| 245 | 1 | 0 |
_aCharles Faudree home / _cCharles Faudree with Francesanne Tucker ; photography by Jenifer Jordan. |
| 250 | _aFirst Edition. | ||
| 264 | 1 |
_aSalt Lake City : _bGibbs Smith, _c[2012] |
|
| 300 |
_a224 pages : _billustrations ; _c32 cm |
||
| 336 |
_atext _2rdacontent |
||
| 337 |
_aunmediated _2rdamedia |
||
| 338 |
_avolume _2rdacarrier |
||
| 600 | 1 | 0 |
_aFaudree, Charles _xThemes, motives. |
| 650 | 0 |
_aInterior decoration _zUnited States. |
|
| 700 | 1 | _aTucker, Francesanne. | |
| 906 |
_a7 _bcbc _corignew _d1 _eecip _f20 _gy-gencatlg |
||
| 942 |
_2lcc _cBK _n0 |
||
| 999 |
_c33718 _d33718 |
||